000 00847nam a2200253Ia 4500
003 OSt
005 20220923224740.0
006 a|||||r|||| 00| 0
007 ta
008 220922b |||||||| |||| 00| 0 hin d
024 _a249,479
037 _cTextual
040 _aARTS
_cARTS
_bhin
041 _2hin
_ahin
082 _aO152,1:g(P), L6
100 _aतिवारी, सियाराम
_9156271
245 0 _aकाव्यभाषा
246 _aKāvyabhāṣhā
260 _aनई दिल्ली
_b मैकमिलन कंपनी आफ इंडिया लिमिटेड
_c1976
300 _a206पृ.
_ccm.
650 _aहिन्दी साहित्य
_9156264
942 _hO152,1:g(P), L6
_cTEXL
_2CC
999 _c373396
_d373396